000
00311nam a2200121Ia 4500
008
220204s9999 xx 000 0 und d
082
_a
581.4:581.9
_b
GOO
100
_a
GOOD, Ronald
245
0
_a
Geography of the flowering plants.
260
_a
London
_b
Longman
_c
1974
650
_a
Flowering plants
942
_c
BK
999
_c
23718
_d
23718